[Event "Quebec Montcalm op 6 2018-19"]
[Site "Quebec"]
[Date "2019.04.04"]
[Round "3"]
[White "Fleury, Dominic"]
[Black "Genest, Dominic"]
[Result "0-1"]
[WhiteElo "1408"]
[BlackElo "1673"]
[PlyCount "42"]
[EventDate "2019.03.21"]
[EventType "swiss"]
[EventRounds "5"]
[EventCountry "CAN"]
[SourceTitle "EXT 2022"]
[Source "ChessBase"]
[SourceDate "2021.10.06"]
[SourceVersion "1"]
[SourceVersionDate "2021.10.06"]
[SourceQuality "1"]

1. e4 c5 2. Nf3 e6 3. Bc4 Nc6 4. c3 d5 5. exd5 exd5 6. Bb3 Bg4 7. 0-0 Qf6 8. Bxd5 Nge7 9. Re1 0-0-0 10. Bxc6 Nxc6 11. Re3 Ne5 12. Rxe5 Bxf3 13. Qe1 Bd6 14. d4 Bxe5 15. dxe5 Qg6 16. g3 Rd1 17. Qxd1 Bxd1 18. Bf4 Qe4 19. Nd2 Qe1+ 20. Nf1 Rd8 21. Kg2 Bf3+ 0-1